000 00796cab a2200265 4500
001 ABS53612
008 090401t1995 xxu||||| |||| 00| 0 eng d
035 _a(Sirsi) u5347
041 _aeng
100 _aWhite, G.
245 _aArtificial assumptions make an impact on the real world
260 _c1995
350 _a0
490 _aProperty Week
_v52(11) 14 September 1995, 29(1)
520 _aLooks at the effect of artificial assumptions in rent review provisions from both the landlord and tenant`s viewpoints.
650 _aHEADLINE RENTS
650 _aMULTIPLE OCCUPATION
650 _aRENT REVIEWS
650 _aSINGLE OCCUPATION
650 _aVALUE ADDED TAX
690 _aLANDLORD AND TENANT-RENT REVIEWS
700 _aVivian, J.
942 _n0
948 _c04/03/1997
999 _c3181
_d3181